| 000 | 01240nam a22003015a 4500 | ||
|---|---|---|---|
| 008 | 150819t1992 us ||||fr|||| 001 0 eng d | ||
| 020 | _a0070194831 | ||
| 020 | _a9780070194830 | ||
| 040 |
_aEG-ScBuE _beng _cEG-ScBuE |
||
| 082 | 0 | 4 |
_a657.0440202 _bENG _222 |
| 100 | 1 |
_aEnglard, Baruch. _920830 |
|
| 245 | 1 | 0 |
_aSchaum's outline of theory and problems of intermediate accounting 2 / _cBaruch Englard. |
| 246 | 3 | 0 | _aTheory and problems of intermediate accounting 2 |
| 246 | 3 | 0 | _aIntermediate accounting 2 |
| 260 |
_aNew York : _bMcGraw-Hill, _cc.1992. |
||
| 300 |
_axi, 262 p. ; _c28 cm. |
||
| 490 | 0 | _aSchaum's outline series. | |
| 500 | _aIndex : p. 259-262. | ||
| 590 | _ayassmeen ashraf | ||
| 650 | 0 |
_aAccounting _xProblems, exercises, etc. _2BUEsh |
|
| 651 | _2BUEsh | ||
| 653 |
_bBUSECO _cAugust2015 |
||
| 740 | 0 | _aTheory and problems of intermediate accounting I. | |
| 856 | 4 | 2 |
_3Publisher description _uhttp://www.loc.gov/catdir/description/mh022/94034933.html |
| 856 | 4 | 2 |
_3Contributor biographical information _uhttp://www.loc.gov/catdir/enhancements/fy0665/94034933-b.html |
| 856 | 4 | 2 |
_3Table of contents only _uhttp://www.loc.gov/catdir/enhancements/fy0665/94034933-t.html |
| 942 |
_cBB _k657.0440202 ENG _2ddc |
||
| 999 |
_c9911 _d9911 |
||